Statistics for Looking for a Capital City: distances from other capitals as hint

Click here to take the quiz!

General Stats

  • This quiz has been taken 66 times
  • The average score is 88 of 197

Answer Stats

ANSWER % Correct
Paris 5.061
80%
Cairo 3.566
78%
London 5.391
67%
Nairobi 2.871
63%
Moscow 6.207
63%
Washington 9.618
63%
Rome 4.213
61%
Pretoria 3.737
59%
Berlin 5.396
59%
Madrid 4.327
57%
Ankara 4.533
55%
Kinshasa 999
55%
Oslo 6.217
53%
Tokyo 13.076
53%
Athens 3.976
53%
Riyadh 4.418
51%
Brasilia 6.895
51%
Accra 1.312
51%
Ottawa 9.488
51%
Rabat 3.841
51%
Luanda 1.417
51%
Dakar 3.394
51%
Lisbon 4.389
49%
Helsinki 6.349
49%
Beijing 10.997
49%
Kabul 6.832
49%
Mexico City 12.024
49%
Tripoli 3.216
49%
Windhoek 2.985
47%
Astana 7.616
47%
Tehran 5.402
47%
Budapest 4.888
47%
Seoul 11.952
47%
Beirut 4.149
47%
Algiers 3.743
47%
Islamabad 7.155
47%
Kiev 5.463
47%
Lome 1.169
47%
Baku 5.579
47%
Vatican City 4.214
47%
Jerusalem 3.959
47%
Sanaa 3.799
47%
Sofia 4.457
47%
Mogadishu 3.765
47%
Muscat 5.504
47%
Brazzaville 992
47%
Hanoi 10.311
45%
Male 6.882
45%
Abuja 726
45%
Baghdad 4.721
45%
Bissau 3.115
45%
Amsterdam 5.412
45%
Lusaka 2.821
45%
Dublin 5.720
45%
Tunis 3.651
45%
Dili 12.727
45%
Freetown 2.785
45%
Maseru 4.048
45%
Riga 5.990
45%
Khartoum 2.639
45%
San Marino 4.440
45%
Kathmandu 8.220
45%
Antananarivo 4.682
45%
Warsaw 5.432
45%
Juba 2.229
45%
Doha 4.887
45%
Vaduz 4.799
45%
Djibouti 3.588
45%
Canberra 14.446
45%
Malabo 303
45%
Bern 4.790
45%
Tallinn 6.267
45%
Vienna 4.935
45%
Libreville 447
45%
Abu Dhabi 5.123
45%
Praia 4.029
45%
Bangui 783
43%
Nicosia 4.132
43%
Minsk 5.736
43%
Bucharest 4.716
43%
Belgrade 4.619
43%
Manila 11.993
43%
Gaborone 3.518
43%
Panama 10.065
43%
San Jose 10.557
43%
Maputo 4.007
43%
Niamey 1.485
43%
Kigali 2.160
43%
Santiago 9.523
43%
Havana 10.246
43%
Lilongwe 3.152
43%
Lima 9.948
43%
Ljubljana 4.683
43%
Tashkent 7.066
43%
Kampala 2.375
43%
Dodoma 2.912
43%
Bridgetown 7.876
43%
Caracas 8.671
43%
Buenos Aires 8.436
43%
Harare 3.218
43%
Yerevan 5.210
43%
Apia 18.847
43%
Ashgabat 6.066
43%
Dushanbe 6.932
43%
Manama 4.841
43%
Sucre 8.771
43%
Ulaanbaatar 10.092
43%
Singapore 10.268
43%
Sao Tome 660
43%
Damascus 4.169
43%
Ouagadougou 1.717
43%
N'Djamena 990
43%
Mbabane 3.952
43%
Stockholm 6.177
43%
Wellington 15.538
43%
Andorra la Vella 4.393
43%
Castries 8.027
43%
New Delhi 7.441
43%
Tbilisi 5.342
43%
Jakarta 10.653
43%
Vilnius 5.770
43%
Vientiane 10.000
43%
Kuwait City 4.768
43%
Addis Ababa 3.064
43%
Bishkek 7.543
43%
Amman 4.022
43%
Kingston 9.706
43%
Reykjavik 7.206
43%
Asmara 3.260
43%
Banjul 3.264
43%
Monrovia 2.488
43%
Podgorica 4.341
43%
Bamako 2.357
43%
Zagreb 4.668
43%
Port-au-Prince 9.233
43%
Monaco 4.435
43%
Brussels 5.250
41%
Dhaka 8.712
41%
Nuku'alofa 17.963
41%
Conakry 2.853
41%
Palikir 16.140
41%
Guatemala City 11.200
41%
YAOUNDE
41%
San Salvador 11.070
41%
Yaren 17.277
41%
Suva 17.891
41%
Saint John's 8.122
41%
Bangkok 9.806
41%
Georgetown 7.723
41%
Phnom Penh 10.302
41%
Sarajevo 4.480
41%
Tegucigalpa 10.852
41%
Montevideo 8.251
41%
Port-Vila 17.069
41%
Saint George's 8.108
41%
Taipei 11.833
41%
Tirana 4.231
41%
Kingstown 8.051
41%
Funafuti 18.575
41%
Pristina 4.404
41%
Port-of-Spain 8.084
41%
Moroni 3.912
41%
Copenhagen 5.745
41%
#VALORE!
41%
Bogota 9.496
41%
Roseau 8.070
41%
Yamoussoukro 1.889
41%
Port Moresby 15.099
41%
Luxembourg 5.095
41%
Managua 10.771
41%
Chisinau 5.063
41%
Port Louis 5.684
41%
Valletta 3.560
41%
Nouakchott 3.383
41%
Skopje 4.337
41%
Majuro 17.485
41%
Prague 5.130
41%
Kuala Lumpur 10.014
41%
Santo Domingo 8.985
41%
Colombo 7.575
41%
Nay Pyi Taw 9.308
41%
Bratislava 4.936
41%
Basseterre 8.216
41%
Bandar Seri Begawan 11.466
41%
Porto-Novo 1.029
41%
Paramaribo 7.396
41%
Bujumbura 2.141
41%
Pyongyang 11.797
41%
Nassau 9.720
41%
Asuncion 8.120
41%
Melekeok 13.592
41%
Belmopan 10.979
41%
Quito 10.025
41%
Thimphu 8.645
41%
Victoria 4.975
41%
Honiara 16.493
41%
Tarawa 17.893
41%

Score Distribution

Percentile by Number Answered

Percent of People with Each Score

Your Score History

You have not taken this quiz